[Event "ESP-ch U16"]
[Site "Granada"]
[Date "2016.07.20"]
[Round "5"]
[White "Ros Alonso, Jaume"]
[Black "Jausas Lopez, Andrea"]
[Result "1-0"]
[WhiteElo "2109"]
[BlackElo "1838"]
[PlyCount "55"]
[EventDate "2016.07.18"]
[EventType "swiss"]
[EventRounds "9"]
[EventCountry "ESP"]
[SourceTitle "EXT 2024"]
[Source "ChessBase"]
[SourceDate "2023.10.10"]
[SourceVersion "1"]
[SourceVersionDate "2023.10.10"]
[SourceQuality "1"]

1. e4 c5 2. Nf3 a6 3. Nc3 e6 4. d4 cxd4 5. Nxd4 Qc7 6. Bd3 Nf6 7. Qe2 d6 8. 0-0 Be7 9. Kh1 Nbd7 10. f4 Nc5 11. e5 Nfd7 12. Nf3 Nxd3 13. cxd3 b5 14. d4 b4 15. Ne4 0-0 16. Bd2 a5 17. Rfe1 Bb7 18. Qf2 Bxe4 19. Rxe4 Qc2 20. Rae1 Qxb2 21. R4e2 Rfc8 22. f5 Qa3 23. exd6 Bxd6 24. Ng5 exf5 25. Qxf5 Nf6 26. Nxf7 Bc7 27. Qe6 Kf8 28. Ng5 1-0

[Event "Masdenverge op 5th"]
[Site "Masdenverge"]
[Date "2016.06.25"]
[Round "4"]
[White "Jausas Lopez, Andrea"]
[Black "Jordan Martinez, David"]
[Result "0-1"]
[WhiteElo "1838"]
[BlackElo "2195"]
[PlyCount "138"]
[EventDate "2016.06.24"]
[EventType "swiss"]
[EventRounds "7"]
[EventCountry "ESP"]
[SourceTitle "EXT 2017"]
[Source "ChessBase"]
[SourceDate "2016.10.25"]
[SourceVersion "1"]
[SourceVersionDate "2016.10.25"]
[SourceQuality "1"]

1. Nf3 Nf6 2. c4 g6 3. g3 Bg7 4. Bg2 0-0 5. d4 d6 6. 0-0 Nc6 7. Nc3 a6 8. b3 Rb8 9. Bb2 b5 10. cxb5 axb5 11. Re1 b4 12. Na4 Bb7 13. Rc1 Qd7 14. e4 Na7 15. d5 c6 16. Nb6 Qd8 17. dxc6 Nxc6 18. Nc4 Na5 19. Nd4 Nxc4 20. Rxc4 Qb6 21. e5 dxe5 22. Nc6 Bxc6 23. Rxc6 Qa5 24. Bxe5 Rb5 25. Qa1 Rc5 26. Rxc5 Qxc5 27. Bd4 Qd6 28. Rc1 Ne8 29. Rd1 Qa6 30. Bd5 Qa5 31. Bg2 Bxd4 32. Qxd4 Nd6 33. Re1 Rc8 34. Bh3 Rc7 35. Qh4 f6 36. Qh6 Nf5 37. Qf4 e5 38. Qd2 Nd4 39. Bg2 Rc2 40. Qh6 Nf5 41. Qh3 Qc5 42. Rf1 Rxa2 43. g4 Nd4 44. Kh1 Qc3 45. Bd5+ Kg7 46. Qh4 Ra1 47. Rxa1 Qxa1+ 48. Kg2 Qc1 49. Bc4 Qf4 50. Qh3 Qe4+ 51. Kg1 Nf3+ 52. Kf1 Nd2+ 53. Kg1 Nxc4 54. bxc4 Qxc4 55. Qf3 e4 56. Qe3 Qd3 57. Qa7+ Kh6 58. Qb6 Qd1+ 59. Kg2 Qxg4+ 60. Kf1 Qd1+ 61. Kg2 Qf3+ 62. Kg1 e3 63. fxe3 Qd1+ 64. Kg2 Qd5+ 65. Kf2 b3 66. Qb4 Qf5+ 67. Kg3 Qe5+ 68. Kg4 f5+ 69. Kh3 Qxe3+ 0-1

[Event "Masdenverge op 4th"]
[Site "Masdenverge"]
[Date "2015.06.27"]
[Round "4"]
[White "Pamies Martinez, Lluis"]
[Black "Jausas Lopez, Andrea"]
[Result "0-1"]
[WhiteElo "1958"]
[BlackElo "1638"]
[PlyCount "84"]
[EventDate "2015.06.26"]
[EventType "swiss"]
[EventRounds "7"]
[EventCountry "ESP"]
[SourceTitle "EXT 2019"]
[Source "ChessBase"]
[SourceDate "2018.10.10"]
[SourceVersion "1"]
[SourceVersionDate "2018.10.10"]
[SourceQuality "1"]

1. c4 c5 2. Nf3 Nc6 3. d4 cxd4 4. Nxd4 g6 5. e3 Bg7 6. Be2 Nf6 7. 0-0 0-0 8. Nc3 a6 9. Rb1 Nxd4 10. exd4 d5 11. c5 b5 12. b4 Bd7 13. Bf4 Bc6 14. Qd3 Ne4 15. f3 Nxc3 16. Qxc3 a5 17. a3 a4 18. Bd3 Qd7 19. Rbe1 Bf6 20. Re2 Ra7 21. Rfe1 Kg7 22. Be5 Bxe5 23. Rxe5 e6 24. R1e2 Qd8 25. Qe1 Qf6 26. Qg3 Rb7 27. Rc2 Rbb8 28. f4 Kh8 29. Qf2 Rbe8 30. Rce2 Qg7 31. R2e3 Qf6 32. Rh3 Qg7 33. Qe2 Bd7 34. Bxb5 Bxb5 35. Qxb5 f6 36. Re1 e5 37. fxe5 fxe5 38. dxe5 Rxe5 39. Rf1 Ref5 40. Rhf3 Rxf3 41. Rxf3 Qd4+ 42. Kh1 Qd1+ 0-1

[Event "Llinars del Valles op-A 9th"]
[Site "Llinars del Valles"]
[Date "2015.05.16"]
[Round "6"]
[White "Serra Canals, Oriol"]
[Black "Jausas Lopez, Andrea"]
[Result "1-0"]
[WhiteElo "2090"]
[BlackElo "1638"]
[PlyCount "75"]
[EventDate "2015.04.11"]
[EventType "swiss"]
[EventRounds "9"]
[EventCountry "ESP"]
[SourceTitle "EXT 2016"]
[Source "ChessBase"]
[SourceDate "2015.10.08"]
[SourceVersion "1"]
[SourceVersionDate "2015.10.08"]
[SourceQuality "1"]

1. d4 d5 2. c4 c6 3. e3 Nf6 4. Nc3 e6 5. Nf3 Nbd7 6. Qc2 b6 7. b3 Bb7 8. Be2 Be7 9. 0-0 0-0 10. Bb2 Rc8 11. Rfd1 Qc7 12. e4 dxe4 13. Ng5 Rfd8 14. Ngxe4 Nxe4 15. Nxe4 Nf6 16. c5 Nd5 17. a3 Ra8 18. Rac1 h6 19. Rd3 Ba6 20. Rg3 Bxe2 21. Qxe2 Kh8 22. Rc2 Nf6 23. Nd2 b5 24. Nf3 Nh5 25. Rg4 f5 26. Rh4 Bxh4 27. Nxh4 Nf4 28. Qe3 Re8 29. Qxf4 Qf7 30. Nf3 Kh7 31. Re2 g6 32. h4 Qb7 33. Ne5 Rac8 34. Re1 a5 35. Bc1 Qg7 36. Re3 Rg8 37. Rg3 Qf8 38. Nd7 1-0

[Event "Llinars del Valles op-A 9th"]
[Site "Llinars del Valles"]
[Date "2015.05.02"]
[Round "4"]
[White "Camus, Adrian Hugo"]
[Black "Jausas Lopez, Andrea"]
[Result "0-1"]
[WhiteElo "1940"]
[BlackElo "1638"]
[PlyCount "104"]
[EventDate "2015.04.11"]
[EventType "swiss"]
[EventRounds "9"]
[EventCountry "ESP"]
[SourceTitle "EXT 2016"]
[Source "ChessBase"]
[SourceDate "2015.10.08"]
[SourceVersion "1"]
[SourceVersionDate "2015.10.08"]
[SourceQuality "1"]

1. d4 d5 2. Nf3 Nf6 3. c4 c6 4. e3 Bg4 5. cxd5 cxd5 6. Qb3 Qc8 7. Bd2 Nc6 8. Ne5 e6 9. Na3 Nxe5 10. dxe5 Nd7 11. Rc1 Qb8 12. Nb5 Nc5 13. Rxc5 Bxc5 14. Qa4 Bf5 15. Nc7+ Ke7 16. Nxa8 Qxa8 17. Be2 Rc8 18. 0-0 Kf8 19. Bc3 Kg8 20. Qf4 Qb8 21. g4 Be4 22. h4 Qc7 23. Rc1 Qb6 24. Bd4 Rc6 25. Bc3 Bb4 26. f3 Bxc3 27. fxe4 Bd2 28. Rxc6 Bxe3+ 29. Kg2 bxc6 30. Qf3 Bg1 31. exd5 cxd5 32. b3 Qd4 33. Bb5 Be3 34. Be8 Qf4 35. Qxf4 Bxf4 36. a4 Bxe5 37. Kf3 Kf8 38. Bb5 Ke7 39. Bd3 g6 40. b4 Bc3 41. b5 Kd6 42. h5 e5 43. Bb1 Kc5 44. hxg6 hxg6 45. Ba2 f6 46. Bb1 g5 47. Ba2 Kd4 48. Bb3 e4+ 49. Ke2 Ke5 50. Bd1 d4 51. Bb3 Kf4 52. Be6 d3+ 0-1

[Event "Llinars del Valles op-A 9th"]
[Site "Llinars del Valles"]
[Date "2015.04.18"]
[Round "2"]
[White "Parals Marce, Luis"]
[Black "Jausas Lopez, Andrea"]
[Result "1-0"]
[WhiteElo "2055"]
[BlackElo "1638"]
[PlyCount "85"]
[EventDate "2015.04.11"]
[EventType "swiss"]
[EventRounds "9"]
[EventCountry "ESP"]
[SourceTitle "EXT 2016"]
[Source "ChessBase"]
[SourceDate "2015.10.08"]
[SourceVersion "1"]
[SourceVersionDate "2015.10.08"]
[SourceQuality "1"]

1. c4 c5 2. Nf3 Nf6 3. d4 cxd4 4. Nxd4 Nc6 5. Nc3 g6 6. e4 d6 7. Be2 Bg7 8. Nc2 a6 9. 0-0 0-0 10. Be3 Qc7 11. f3 Be6 12. Nd5 Bxd5 13. cxd5 Ne5 14. Bd4 Rfc8 15. Ne3 Qd8 16. Qb3 b5 17. f4 Nc4 18. Nxc4 bxc4 19. Qe3 Qa5 20. Rfc1 Qb4 21. Rc2 e6 22. dxe6 fxe6 23. Rac1 c3 24. bxc3 Qa4 25. c4 Re8 26. e5 dxe5 27. Bxe5 Rac8 28. Bf3 Kf7 29. h3 Bf8 30. Bxf6 Kxf6 31. c5 Kf7 32. Kh2 Rc7 33. g3 Ree7 34. Bg4 Rc6 35. Re2 Re8 36. f5 Kg8 37. Bf3 Rc7 38. fxe6 Bg7 39. c6 Ree7 40. Bg2 Qb5 41. Rd1 Rxc6 42. Rd8+ Bf8 43. Qf3 1-0

[Event "Llinars del Valles op-A 9th"]
[Site "Llinars del Valles"]
[Date "2015.04.11"]
[Round "1"]
[White "Jausas Lopez, Andrea"]
[Black "Riera Morilla, Elizabeth"]
[Result "1-0"]
[WhiteElo "1638"]
[BlackElo "1994"]
[PlyCount "69"]
[EventDate "2015.04.11"]
[EventType "swiss"]
[EventRounds "9"]
[EventCountry "ESP"]
[SourceTitle "EXT 2016"]
[Source "ChessBase"]
[SourceDate "2015.10.08"]
[SourceVersion "1"]
[SourceVersionDate "2015.10.08"]
[SourceQuality "1"]

1. Nf3 c5 2. c4 g6 3. Nc3 Bg7 4. d4 cxd4 5. Nxd4 Nc6 6. e3 Nf6 7. Be2 0-0 8. 0-0 d6 9. b3 Nxd4 10. exd4 d5 11. c5 Bd7 12. Re1 b6 13. b4 Qc7 14. Bb2 a5 15. a3 Rfb8 16. Qd2 e6 17. Rec1 bxc5 18. bxc5 Bc6 19. a4 Ne4 20. Nxe4 dxe4 21. Bc3 Qd7 22. Ra2 Qd5 23. Bf1 Bf6 24. Rca1 Rb3 25. Rc2 Rxc3 26. Qxc3 Bxd4 27. Qa3 Bxa1 28. Qxa1 Qb3 29. Rc4 Bd5 30. Rc3 Qb7 31. Bb5 Bc6 32. Rb3 Rd8 33. Rb1 Rd2 34. Bxc6 Qxc6 35. Rb8+ 1-0

[Event "ESP-ch U12"]
[Site "Salobrena"]
[Date "2012.07.03"]
[Round "3.12"]
[White "Iglesias Feijoo, Alberto"]
[Black "Jausas Lopez, Andrea"]
[Result "1-0"]
[WhiteElo "1660"]
[BlackElo "1553"]
[PlyCount "73"]
[EventDate "2012.07.02"]
[EventType "swiss"]
[EventRounds "9"]
[EventCountry "ESP"]
[SourceTitle "EXT 2024"]
[Source "ChessBase"]
[SourceDate "2023.10.10"]
[SourceVersion "1"]
[SourceVersionDate "2023.10.10"]
[SourceQuality "1"]

1. e4 c5 2. Nf3 g6 3. d4 cxd4 4. Nxd4 Nc6 5. Nc3 Bg7 6. Nde2 Nf6 7. g3 d6 8. Bg2 Bd7 9. 0-0 0-0 10. Nd5 Nxd5 11. exd5 Nb4 12. c3 Na6 13. Be3 Qc7 14. Bd4 Nc5 15. Bxg7 Kxg7 16. b4 Na4 17. Re1 Rfe8 18. Qd4+ Kg8 19. c4 a5 20. a3 Rac8 21. Rac1 Qb6 22. Qxb6 Nxb6 23. c5 Na4 24. c6 Bf5 25. cxb7 Rb8 26. Rc7 axb4 27. axb4 Bd3 28. Ra1 Bxe2 29. Rxa4 Bb5 30. Ra5 Bd3 31. Bf3 f5 32. Bd1 Kf7 33. Ba4 Rf8 34. Bc6 Bc4 35. Ra8 Bd3 36. Rxb8 Rxb8 37. Rc8 1-0

[Event "Barcelona Torxa op 4th"]
[Site "Barcelona"]
[Date "2011.09.08"]
[Round "6.1"]
[White "Jausas Lopez, Andrea"]
[Black "Castillo Dalmau, Albert"]
[Result "1/2-1/2"]
[WhiteElo "1950"]
[BlackElo "1928"]
[PlyCount "68"]
[EventDate "2011.09.01"]
[EventType "swiss"]
[EventRounds "7"]
[EventCountry "ESP"]
[SourceTitle "EXT 2024"]
[Source "ChessBase"]
[SourceDate "2023.10.10"]
[SourceVersion "1"]
[SourceVersionDate "2023.10.10"]
[SourceQuality "1"]

1. e4 c6 2. d4 d5 3. Nc3 dxe4 4. Nxe4 Bf5 5. Ng3 Bg6 6. Bc4 Nf6 7. N1e2 Nbd7 8. 0-0 e6 9. f4 Qc7 10. f5 exf5 11. Nxf5 0-0-0 12. Bf4 Qb6 13. Bc1 Bxf5 14. Rxf5 Bd6 15. Bxf7 Qc7 16. Bf4 Bxf4 17. Rxf4 Rhf8 18. Bb3 Rde8 19. Rf1 Ng4 20. Ng3 Rxf1+ 21. Qxf1 h5 22. Qf5 Ngf6 23. c3 g6 24. Qg5 Re5 25. Qd2 h4 26. Nh5 Nxh5 27. Rf1 h3 28. Kf2 a5 29. g4 Re4 30. a3 g5 31. Kf3 Rf4+ 32. Ke3 Re4+ 33. Kf3 Rf4+ 34. Ke3 Re4+ 1/2-1/2

[Event "Barcelona Torxa op 4th"]
[Site "Barcelona"]
[Date "2011.09.05"]
[Round "3.2"]
[White "Sole Pijuan, Ferran"]
[Black "Jausas Lopez, Andrea"]
[Result "0-1"]
[WhiteElo "1860"]
[BlackElo "1950"]
[PlyCount "86"]
[EventDate "2011.09.01"]
[EventType "swiss"]
[EventRounds "7"]
[EventCountry "ESP"]
[SourceTitle "EXT 2024"]
[Source "ChessBase"]
[SourceDate "2023.10.10"]
[SourceVersion "1"]
[SourceVersionDate "2023.10.10"]
[SourceQuality "1"]

1. d4 Nf6 2. Bg5 d5 3. c4 c6 4. Nc3 e6 5. e3 Be7 6. Bd3 0-0 7. Nf3 Nbd7 8. 0-0 Re8 9. cxd5 cxd5 10. Qc2 Nf8 11. Ne5 Ng6 12. h3 Nd7 13. Bxe7 Qxe7 14. Nxd7 Bxd7 15. Bxg6 fxg6 16. e4 Qg5 17. e5 Qf5 18. Qxf5 gxf5 19. a4 a6 20. b4 Rec8 21. Ne2 Rc2 22. Nf4 Rc4 23. Nd3 b6 24. Ra3 Rxd4 25. a5 Bb5 26. Rd1 Bxd3 27. axb6 Rxb4 28. Rdxd3 Rxb6 29. Rdb3 Rxb3 30. Rxb3 a5 31. Ra3 Kf8 32. Kf1 Ke8 33. Rg3 a4 34. Rxg7 Kf8 35. Rxh7 Kg8 36. Rb7 a3 37. Rb1 Ra5 38. h4 f4 39. h5 d4 40. g3 f3 41. g4 a2 42. Ra1 Rb5 43. Rxa2 Rb1# 0-1

[Event "Barcelona Torxa op 4th"]
[Site "Barcelona"]
[Date "2011.09.01"]
[Round "1.2"]
[White "Romero Gamez, Francisco Javier"]
[Black "Jausas Lopez, Andrea"]
[Result "0-1"]
[WhiteElo "1806"]
[BlackElo "1950"]
[PlyCount "80"]
[EventDate "2011.09.01"]
[EventType "swiss"]
[EventRounds "7"]
[EventCountry "ESP"]
[SourceTitle "EXT 2024"]
[Source "ChessBase"]
[SourceDate "2023.10.10"]
[SourceVersion "1"]
[SourceVersionDate "2023.10.10"]
[SourceQuality "1"]

1. e4 c5 2. Nf3 Nc6 3. d4 cxd4 4. Nxd4 g6 5. Nc3 Bg7 6. Be3 Nf6 7. f3 Qb6 8. Bb5 Nxe4 9. Bxc6 Nxc3 10. Bxd7+ Bxd7 11. bxc3 0-0 12. 0-0 Rfd8 13. Qe1 Qc7 14. Bg5 f6 15. Bh4 e5 16. Nb3 Bb5 17. Rf2 Rac8 18. Rd2 Rxd2 19. Qxd2 Be8 20. Be1 Bf7 21. Rd1 Be6 22. Qd6 Qxd6 23. Rxd6 Bf5 24. Rd2 Bh6 25. Re2 b5 26. g4 Be6 27. Kf2 Bf4 28. Kg1 Bd5 29. Kg2 Bc4 30. Re4 f5 31. Rxf4 exf4 32. Bd2 Ra8 33. Nd4 Bxa2 34. Bxf4 Re8 35. Kf2 Bb1 36. gxf5 gxf5 37. Nxf5 Bxc2 38. Nd4 Bd3 39. Nc6 Re2+ 40. Kg3 Ra2 0-1

[Event "Catalunya-ch U10"]
[Site "Vilaseca"]
[Date "2011.04.18"]
[Round "4.1"]
[White "Ros Alonso, Joana"]
[Black "Jausas Lopez, Andrea"]
[Result "0-1"]
[WhiteElo "1769"]
[BlackElo "1876"]
[PlyCount "82"]
[EventDate "2011.04.16"]
[EventType "swiss"]
[EventRounds "8"]
[EventCountry "ESP"]
[SourceTitle "EXT 2024"]
[Source "ChessBase"]
[SourceDate "2023.10.10"]
[SourceVersion "1"]
[SourceVersionDate "2023.10.10"]
[SourceQuality "1"]

1. e4 e6 2. d4 d5 3. Nd2 Nc6 4. Ngf3 Nf6 5. e5 Ne4 6. Bd3 Ng5 7. 0-0 Be7 8. Nb3 Nxf3+ 9. Qxf3 Nb4 10. c3 Nxd3 11. Qxd3 0-0 12. Qg3 f6 13. Bh6 Rf7 14. exf6 Bxf6 15. Rad1 Bh4 16. Qg4 e5 17. Qe2 gxh6 18. Qxe5 Qg5 19. Qxg5+ Bxg5 20. Rd3 Kf8 21. f4 Be7 22. f5 Bxf5 23. Rdf3 Bg6 24. Rxf7+ Bxf7 25. Nd2 Kg7 26. Nf3 Bf6 27. g4 Bg6 28. h4 Be4 29. g5 hxg5 30. hxg5 Be7 31. Rf2 Rf8 32. Ne5 Rxf2 33. Kxf2 Bxg5 34. Kg3 h5 35. Kh3 Bf4 36. Kh4 Bxe5 37. dxe5 Bf3 38. Kg3 Bg4 39. Kh4 Kg6 40. a3 Kf5 41. Kg3 Kxe5 0-1